| 000 | 00347nam a2200133Ia 4500 | ||
|---|---|---|---|
| 008 | 191201s2005 xx 000 0 und d | ||
| 082 |
_a004.22 _bKAA |
||
| 100 | _aKAIN, Richard Y | ||
| 245 | 0 | _aAdvanced Computer Architecture: A Systems Design Approach | |
| 260 |
_aN.Delhi _bPHI _c2005 |
||
| 300 | _a907 | ||
| 650 | _aB.Tech(CSE) | ||
| 942 |
_2ddc _cBK |
||
| 999 |
_c1361 _d1361 |
||